• 首页
  • 本馆介绍
  • 公告通知
  • 最新文献
  • 馆藏检索
  • 电子资源
  • 读者导购
  • 参考咨询
  • 我的图书馆
  • 登录
  • 详细信息显示
  • 放入我的书架
  • 预约/预借图书
  • 作者相关作品
  • 分类相关作品
  • 丛书相关作品
  • 出版社相关作品

书目信息

  • 表格格式
  • 工作单格式
  • 卡片格式
题名:
幽默修辞论
    
 
作者: 高胜林 著
分册:  
出版信息: 济南   山东文艺出版社  2006
页数: 353页
开本: 21cm
丛书名: 新世纪修辞学书系
单 册:
中图分类: H05
科图分类:
主题词: 修辞学
电子资源:
ISBN: 7-5329-2512-9
000 00767oam2 2200253 450
001 012007984941
005 20070515151030.50
010    @a7-5329-2512-9@dCNY21.00
100    @a20070427d2006 km y0chiy0120 ea
101 0  @achi
102    @aCN@b370000
105    @ay z 000yy
106    @ar
200 1  @a幽默修辞论@Ayou mo xiu ci lun@f高胜林著@Fgao sheng lin zhu
210    @a济南@c山东文艺出版社@d2006
215    @a353页@d21cm
225 2  @a新世纪修辞学书系
330    @a本书采用新视角对幽默进行了全方位多角度的研究。其内容包括:幽默概说、幽默表达的主体动因、幽默发展的宏观语境等。
461  0 @12001 @a新世纪修辞学书系
606 0  @a修辞学
690    @aH05@v4
701  0 @a高胜林@Agao sheng lin@4著
801  0 @aCN@bRULIN@c20070515
905    @dH05@e136@s8
    
    幽默修辞论/高胜林著.-济南:山东文艺出版社,2006
    353页;21cm.-(新世纪修辞学书系)
    
    
    ISBN 7-5329-2512-9:CNY21.00
    本书采用新视角对幽默进行了全方位多角度的研究。其内容包括:幽默概说、幽默表达的主体动因、幽默发展的宏观语境等。
●
相关链接 在E读中查询图书 在五车中查询图书 在当当中查询图书 在豆瓣中查询图书


正题名:幽默修辞论     索取号:H05/136         预约/预借

序号 登录号 条形码 馆藏地/架位号 状态 备注
1 0573353   205733535   第二样本阅览室/ [索取号:H05/136] 在馆    
2 0573354   205733544   第四借阅区/ [索取号:H05/136] 在馆    
3 0573355   205733553   第四借阅区/ [索取号:H05/136] 在馆    
4 0573356   205733562   第四借阅区/ [索取号:H05/136] 在馆    
5 0573357   205733571   第四借阅区/ [索取号:H05/136] 在馆    
6 0573358   205733580   第四借阅区/ [索取号:H05/136] 在馆    
7 0573359   205733599   第四借阅区/ [索取号:H05/136] 在馆    
8 0573360   205733606   第四借阅区/ [索取号:H05/136] 在馆    
唐山师范学院图书馆 欢迎您!
大连网信软件有限公司© 版权所有